000 00790nam a2200241Ia 4500
003 OSt
005 20220918110706.0
006 a|||||r|||| 00| 0
007 ta
008 220915b |||||||| |||| 00| 0 hin d
024 _a208718
037 _cReference Collections
040 _aARTS
_cARTS
_bhin
041 _2hin
_ahin
082 _aP152,4:4k, 152K9(RR)
100 _aअग्रवाल, प्रतिभा
_99023
245 0 _aहिन्दी मुहावरे
246 _aHindī muhāvare
260 _aकलकत्ता
_bविश्वविद्यालय
_c1969
300 _a756पृ0
942 _hP152,4:4k, 152K9(RR)
_cREF
999 _c114045
_d114045